000
00317nam a2200145Ia 4500
005
20251222152041.0
008
251222s9999||||xx |||||||||||||| ||spa||
020
_a
9682474450
082
_a
636.4/K71
100
_a
Koeslag, Jhohan H.
245
0
_a
Porcinos
250
_a
3a.ed.
264
_b
PROPOLI
942
_c
LIB
999
_c
26038
_d
26038